书目信息 |
| 题名: |
骨质疏松与增生防治200问
|
|
| 作者: | 张光武 , 符捷 编著 | |
| 分册: | ||
| 出版信息: | 北京 金盾出版社 1993.6 |
|
| 页数: | 127页 | |
| 开本: | 19cm | |
| 丛书名: | ||
| 单 册: | ||
| 中图分类: | R681.1 , R681-44 | |
| 科图分类: | ||
| 主题词: | 骨质疏松--防治 , 骨质增生--防治 , 骨科学 , 运动系疾病 , 矫形外科学 | |
| 电子资源: | ||
| ISBN: | 7-80022-624-7 | |
| 000 | 00983nam0 2200313 45 | |
| 001 | 0193033759 | |
| 005 | 20061121103614.82 | |
| 010 | @a7-80022-624-7@dCNY2.60 | |
| 100 | @a19930807d1993 em y0chiy0121 ea | |
| 101 | 0 | @achi |
| 102 | @aCN@b110000 | |
| 105 | @ay z 000yy | |
| 106 | @ar | |
| 200 | 10 | @a骨质疏松与增生防治200问@AGU ZHI SHU SONG YU ZENG SHENG FANG ZHI 200 WEN@f张光武,符 捷编著@FZHANG GUANG WU , FU JIE BIAN ZHU |
| 210 | @a北京@c金盾出版社@d1993.6 | |
| 215 | @a127页@d19cm | |
| 330 | @a介绍骨质疏松与增生的病因病理、临床表现、检查诊断、治疗康复等方面的知识。 | |
| 540 | 1 | @a骨质 疏松 增生@AGU ZHI SHU SONG ZENG SHENG |
| 606 | @a骨质疏松@x防治 | |
| 606 | @a骨质增生@x防治 | |
| 606 | 0 | @a骨科学 |
| 606 | 0 | @a运动系疾病 |
| 606 | 0 | @a矫形外科学 |
| 690 | @aR681.1@v三版 | |
| 690 | @aR681-44@v3 | |
| 701 | 0 | @a张光武@AZHANG GUANG WU@4编著 |
| 701 | 0 | @a符捷@AFU JIE@4编著 |
| 801 | 0 | @aCN@bNLC@c20061121 |
| 905 | @f2@b269433-434@dR681-44@e23 | |
| 骨质疏松与增生防治200问/张光武,符 捷编著.-北京:金盾出版社,1993.6 |
| 127页;19cm |
| ISBN 7-80022-624-7:CNY2.60 |
| 介绍骨质疏松与增生的病因病理、临床表现、检查诊断、治疗康复等方面的知识。 |
| ● |
| 相关链接 |
|
|
|
|
正题名:骨质疏松与增生防治200问
索取号:R681-44/23
 
预约/预借
| 序号 | 登录号 | 条形码 | 馆藏地/架位号 | 状态 | 备注 |
| 1 | 0269433 | 000716112 | 第三借阅区/ [索取号:R681-44/23] | 在馆 | |
| 2 | 0269434 | 000716050 | 第三借阅区/ [索取号:R681-44/23] | 在馆 | |
| 3 | 0269435 | 000716078 | 第二样本阅览室/ [索取号:R681-44/23] | 在馆 |